000
00343 a2200157 4500
001
59618
020
_a
9783785548486
040
_c
Anchieta - Pituba
100
_a
Meyer, Kai
240
1
0
_a
Die wellenläufer
_l
por
245
1
0
_a
Die wellenläufer
300
_a
378
362
0
_a
2006
650
4
_a
Literatura juvenil em alemão
942
_c
BK
999
_c
59618
_d
59618